Técnicas de salvación en las religiones orientales (Record no. 368089)
[ view plain ]
| 000 -CABECERA | |
|---|---|
| Campo de control de longitud fija | 00358nab a22001097u 4500 |
| 008 - CÓDIGOS DE INFORMACIÓN DE LONGITUD FIJA | |
| Campo de control de longitud fija | 130520b1965 xxu||||| |||| 00| 0 spa d |
| 041 ## - CÓDIGO DE LENGUA | |
| Código de lengua del texto/banda sonora o título independiente | spa |
| 100 1# - PUNTO DE ACCESO PRINCIPAL-NOMBRE DE PERSONA | |
| Nombre de persona | Lara Guitard, Alfredo |
| 9 (RLIN) | 72098 |
| 245 00 - MENCIÓN DE TÍTULO | |
| Título | Técnicas de salvación en las religiones orientales |
| Mención de responsabilidad, etc. | Alfredo Lara Guitard |
| 773 0# - ENLACE AL DOCUMENTO FUENTE | |
| Título | Arbor |
| Parte(s) relacionada(s) | V.60, nº230,1965,págs. 55-70 |
| Número Internacional Normalizado para Publicaciones Seriadas (ISSN) | 0210-1963 |
| Número de control del registro relacionado | Rev54 |
| 942 ## - ENTRADA DE ELEMENTOS AGREGADOS (KOHA) | |
| Koha [por defecto] tipo de item | Artículos de revista |
| Suprimido | Perdido | Estropeado | No para préstamo | Localización permanente | Localización actual | Localización en estantería | Fecha adquisición | Préstamos totales | Fecha última consulta | Fecha del precio de reemplazo | Tipo de item de Koha |
|---|---|---|---|---|---|---|---|---|---|---|---|
| San Esteban | San Esteban | Depósito de revistas | 21/05/2013 | 21/05/2013 | 21/05/2013 | Artículos de revista |
